000 00891nas a2200265 4500
001 BR2012002439
003 BR-BrBNA
005 20231205120523.0
007 ta
008 230509b bl.|||p| |||| 00| 00por d
040 _aBR-BrBNA
_bpor
_cBiblioteca Nacional de Agricultura
041 _a(Pt)
072 _aP10
100 1 _aAlbuquerque, A.C.L.S.
100 1 _aChaves, H.M.L.
245 1 _aEstimativa de recarga da Bacia do Rio das Fêmeas através de métodos manuais e automáticos
650 _aHIDROLOGIA
650 _aHIDROGRAFIA
650 _aÁGUAS SUBTERRÂNEAS
650 _aLENÇOL FREÁTICO
773 0 _tRevista Brasileira de Engenharia Agrícola e Ambiental (Brazil)
_xISSN 1807-1929
_g(Nov 2011), v.15(11) p. 1123-1129
_wBR2012002439
856 4 0 _uhttp://www.scielo.br/pdf/rbeaa/v15n11/03.pdf
909 _a202311
_bLúcia
_c55
_dLúcia Elande
942 _2AGRIS
_n0
_cANA
999 _c218936
_d218936